| 000 | 00693cam a22002293a 4500 | ||
|---|---|---|---|
| 001 | 43870 | ||
| 003 | PGUSA | ||
| 005 | 20140828084011.0 | ||
| 008 | 131002s2013||||xxu|||||s|||||000 | eng d | ||
| 040 |
_aPGUSA _beng |
||
| 042 | _adc | ||
| 050 | 4 | _aBV | |
| 245 | 1 | 4 |
_aThe American Missionary — Volume 39, No. 11, November, 1885 _h[electronic resource] / _cVarious |
| 260 |
_bProject Gutenberg, _c2013 |
||
| 506 | _aPublic domain in the USA. | ||
| 516 | _aElectronic text | ||
| 653 | _aCongregational churches -- Missions -- Periodicals | ||
| 653 | _aHome missions -- Periodicals | ||
| 830 | 0 |
_aProject Gutenberg _v43870 |
|
| 856 | 4 | 0 | _uhttp://www.gutenberg.org/ebooks/43870 |
| 942 | _cEB | ||
| 999 |
_c273121 _d273121 |
||